| 000 | 00721cam a2200241 4500 | ||
|---|---|---|---|
| 001 | M80 | ||
| 008 | 090401t1992 xxu||||| |||| 00| 0 eng d | ||
| 035 | _a(Sirsi) u39672 | ||
| 041 | _aeng | ||
| 050 | _a333.0076 | ||
| 090 | _aRICS 1992/36ABC | ||
| 110 |
_aRoyal Institution of Chartered Surveyors _94900 |
||
| 245 | _aProfessional examinations rules and syllabus: general practice (1987) (with chattels, housing and plant and machinery options) | ||
| 260 |
_aLondon _bRICS _c1992 |
||
| 300 | _a15p. ; 30cm. | ||
| 350 | _a0 | ||
| 650 | _aEXAMINATIONS | ||
| 650 | _aGENERAL PRACTICE | ||
| 650 | _aSYLLABUS | ||
| 690 | _aMANAGEMENT-BUSINESS MANAGEMENT-PROFESSIONAL PRACTICE | ||
| 942 | _n0 | ||
| 948 | _c04/03/1997 | ||
| 999 |
_c90830 _d90830 |
||